Educación física: programa de estudio primer año medio

Saved in:
Bibliografiske detaljer
Format: Bog
Sprog:spansk
Udgivet: Santiago Ministerio de Educación 1998
Serier:Educación Media, 1
Fag:
Tags: Tilføj Tag
Ingen Tags, Vær først til at tagge denne postø!

MARC

LEADER 00000nam a2200000 a 4500
001 UCP0674
003 CL-VaPUC
008 990319e19980000CL |||||||||||||||||spa|d
082 0 4 |a 372.86  |b MIN  |2 21 
245 1 0 |a Educación física: programa de estudio primer año medio 
300 |a 63 p 
942 |c BK 
945 |d 19990319 00:00:00  |a rbrito 
260 |a Santiago  |b Ministerio de Educación  |c 1998 
650 7 |a ENSEÑANZA DE LA EDUCACION FISICA  |2 CL-VaPUC  |9 394746 
650 0 |a Métodos de enseñanza  |9 270413 
650 0 |a Reforma educacional   |9 256319 
583 |a last modification  |c 20140401 05:36:47  |k Rodrigo Vera 
490 0 |a Educación Media, 1 
999 |c 279434  |d 279432 
952 |0 0  |1 0  |4 0  |6 372_860000000000000_MIN_1998  |7 0  |8 R  |9 318847  |a BIBEDU  |b BIBEDU  |d 2019-11-20  |i 3498905  |o 372.86 MIN 1998  |p 3498905  |r 2019-11-20  |w 2019-11-20  |y BK_R  |k EDU 
952 |0 0  |1 0  |4 0  |6 372_860000000000000_MIN_1998  |7 0  |8 R  |9 318848  |a BIBEDU  |b BIBEDU  |d 2019-11-20  |i 3499316  |o 372.86 MIN 1998  |p 3499316  |r 2019-11-20  |w 2019-11-20  |y BK_R  |k EDU 
952 |0 0  |1 0  |4 0  |6 372_860000000000000_MIN_1998  |7 0  |8 R  |9 318849  |a BIBEDU  |b BIBEDU  |d 2019-11-20  |i 3654621  |o 372.86 MIN 1998  |p 3654621  |r 2019-11-20  |w 2019-11-20  |y BK_R  |k BME 
952 |0 0  |1 0  |4 0  |6 372_860000000000000_MIN_1998  |7 0  |8 R  |9 318850  |a BIBEDU  |b BIBEDU  |d 2019-11-20  |i 365463K  |o 372.86 MIN 1998  |p 365463K  |r 2019-11-20  |w 2019-11-20  |y BK_R  |k BME 
952 |0 0  |1 0  |4 0  |6 372_860000000000000_MIN_1998  |7 0  |8 R  |9 318851  |a BIBEDU  |b BIBEDU  |d 2019-11-20  |i 3654648  |o 372.86 MIN 1998  |p 3654648  |r 2019-11-20  |w 2019-11-20  |y BK_R  |k BME 
952 |0 0  |1 0  |4 0  |6 372_860000000000000_MIN_1998  |7 0  |8 R  |9 318852  |a BIBEDU  |b BIBEDU  |d 2019-11-20  |i 3654656  |o 372.86 MIN 1998  |p 3654656  |r 2019-11-20  |w 2019-11-20  |y BK_R  |k BME 
952 |0 0  |1 0  |4 0  |6 372_860000000000000_MIN_1998  |7 0  |8 R  |9 318853  |a BIBEDU  |b BIBEDU  |d 2019-11-20  |i 3778770  |o 372.86 MIN 1998  |p 3778770  |r 2019-11-20  |w 2019-11-20  |y BK_R  |k EPE 
952 |0 0  |1 0  |4 0  |6 372_860000000000000_MIN_1998  |7 0  |8 R  |9 318854  |a BIBEDU  |b BIBEDU  |d 2019-11-20  |i 428433K  |o 372.86 MIN 1998  |p 428433K  |r 2019-11-20  |w 2019-11-20  |y BK_R  |k EFI